000 00284nam a22001217a 4500
040 _cHS
082 _a338 GER 1983 C089
100 _aGERALD M. MEIER
245 _aPricing policy for development management
260 _aLodon
_bGERALD M. MEIER
_c1983
300 _a264p;
942 _cEK
999 _c11152
_d11152